| Tag |
First Indicator |
Second Indicator |
Subfields |
| LEADER |
00000cam a2200000 i 4500 |
| 001 |
in00000033224 |
| 005 |
20151007060532.0 |
| 008 |
790806s1909 au 00100 ger d |
| 035 |
|
|
|a (OCoLC)05243931
|
| 035 |
|
|
|9 AAC1077AM
|
| 040 |
|
|
|a MOA
|c MOA
|d OCL
|d TXA
|d UtOrBLW
|
| 049 |
|
|
|a TXAM
|c [A11670205]
|
| 050 |
|
4 |
|a QK35
|b .D59 1909
|
| 100 |
1 |
|
|a Dörfler, Ignaz,
|d 1866-
|
| 245 |
1 |
0 |
|a Botaniker-Adressbuch :
|b Sammlung von Namen und Adressen der lebenden Botaniker aller Länder, der botanischen Garten und der Botanik pflegenden Institute, Gesellschaften und periodischen Publicationen /
|c Herausgegeben von J. Dörfler.
|
| 250 |
|
|
|a 3.,nue bearb. u. vermehrte Aufl.
|
| 264 |
|
1 |
|a Wein,
|b [publisher not identified] ;
|c 1909.
|
| 300 |
|
|
|a viii, 268 pages ;
|c 24 cm.
|
| 336 |
|
|
|a text
|b txt
|2 rdacontent
|
| 337 |
|
|
|a unmediated
|b n
|2 rdamedia
|
| 338 |
|
|
|a volume
|b nc
|2 rdacarrier
|
| 500 |
|
|
|a Added title-page in English and French.
|
| 650 |
|
0 |
|a Botanists
|x Directories.
|
| 999 |
|
|
|a MARS
|
| 999 |
f |
f |
|s 94c72e3c-2e89-3f88-b583-35a9aedea458
|i a95f57de-cac4-363c-8263-e27f330316cb
|t 0
|
| 952 |
f |
f |
|p ric
|a Texas A&M University
|b Rellis Campus
|c Joint Library Facility
|d Remote Storage
|t 0
|e QK35 .D59 1909
|h Library of Congress classification
|i unmediated -- volume
|m A14811670205
|
| 998 |
f |
f |
|a QK35 .D59 1909
|t 0
|l Remote Storage
|